Birth in Nepal (Record no. 335015)
[ view plain ]
| 000 -LEADER | |
|---|---|
| fixed length control field | 00488nam a2200097Ia 4500 |
| 008 - FIXED-LENGTH DATA ELEMENTS--GENERAL INFORMATION | |
| fixed length control field | 170517s9999 xx 000 0 und d |
| 245 ## - TITLE STATEMENT | |
| Title | Birth in Nepal |
| 300 ## - PHYSICAL DESCRIPTION | |
| Extent | Nepal has some of the worst maternal death statistics in the world, with some six women dying in childbirth every day. Despite the political instability of the past ten years of civil war, the Nepalese government is introducing measures... |
| 650 ## - SUBJECT ADDED ENTRY--TOPICAL TERM | |
| General subdivision | Technology. |
| 856 ## - ELECTRONIC LOCATION AND ACCESS | |
| Uniform Resource Identifier | <a href="http://topdocumentaryfilms.com/birth-in-nepal/">http://topdocumentaryfilms.com/birth-in-nepal/</a> |
| Withdrawn status | Lost status | Damaged status | Home library | Current library | Date acquired | Total Checkouts | Date last seen | Price effective from | Koha item type |
|---|---|---|---|---|---|---|---|---|---|
| College Library | College Library | 05/17/2017 | 05/17/2017 | 05/17/2017 | Documentary Films |